Northern European Road Signs - Statistics

General Stats
  • This quiz has been taken 655 times
  • The average score is 10 of 16
Answer Stats
Picture Answer % Correct
Sweden
89%
Lithuania
80%
United Kingdom
77%
Ireland
76%
Norway
75%
Isle of Jersey
72%
Denmark
69%
Iceland
69%
Wales
63%
Denmark
60%
Latvia
57%
Iceland
56%
Finland
55%
Faroe Islands
49%
Estonia
48%
Norway
40%
No matching quizzes found
Score Distribution
Percent of People with Each Score
Percentile by Number Answered
Your Score History
You have not taken this quiz